القرآن : (Record no. 6625)
[ view plain ]
| 000 -الفاتح | |
|---|---|
| حقل البيانات ثابتة الطول | 00760nac a22001811u 4500 |
| 008 - عناصر البيانات ثابتة الطول - معلومات عامة | |
| حقل البيانات ثابتة الطول | 080925s2006 ua|||||r|||| 000 0 ara d |
| 082 ## - رقم تصنيف ديوى العشرى | |
| رقم التصنيف | 220.9 |
| رقم المادة | م و ي |
| رقم الطبعة | 22 |
| 245 ## - بيان العنوان | |
| العنوان | القرآن : |
| بقية العنوان | نظمه وتعاليمه؛ وشهادته للكتب المقدسة/ |
| بيان المسئوليه,etc | ويليام موير؛ ترجمة مالك مسلماني |
| 260 ## - PUBLICATION, DISTRIBUTION, ETC. (IMPRINT) | |
| مكان الناشر او الموزع | [القاهرة] : |
| اسم الناشر او الموزع | [د.ن] ، |
| تاريخ النشر أو التوزيع | [19??] |
| 300 ## - الوصف المادى | |
| التعداد | 131 ص; |
| أبعاد الوعاء | 24 سم |
| 500 ## - تبصرة عامة | |
| تبصرة عامة | يحتوى على ارجاعات بليوجرافية |
| 511 ## - | |
| -- | Catalogued by: Sara |
| 541 ## - تبصرة المصدر المباشر للتزويد | |
| مصدر التزويد | ألف باء؛ |
| طريقة التزويد | شراء؛ |
| 650 ## - المدخل الاضافى بالموضوع-مصطلح موضوعى | |
| مصطلح موضوعي أو اسم جغرافي كعنصر مدخل | القرآن |
| 9 (RLIN) | 16017 |
| التقسيم الفرعي العام | تاريخ |
| 650 ## - المدخل الاضافى بالموضوع-مصطلح موضوعى | |
| مصطلح موضوعي أو اسم جغرافي كعنصر مدخل | القرآن، جمع وتدوين |
| 9 (RLIN) | 16158 |
| 650 ## - المدخل الاضافى بالموضوع-مصطلح موضوعى | |
| مصطلح موضوعي أو اسم جغرافي كعنصر مدخل | القرآن، سور وآيات |
| 9 (RLIN) | 16159 |
| التقسيم الفرعي العام | تاريخ |
| 942 ## - عناصر المدخل الإضافي( كوها) | |
| Koha [default] item type | Book - Borrowing |
| سابقة رقم الطلب | 220.9م و ي |
| مصدر التصنيف او مخطط الترفيف | Dewey Decimal Classification |
| حالة التراجع | حالة الفقد | مصدر التصنيف او خطة الترفيف | حالة تلف | ليس للاعارة | مجموعات كوها | المكان الدائم | المكان الحالي | موقع الترفيف | تاريخ الاكتساب | Source of acquisition | رقم الاستدعاء | الباركود | Date last seen | نوع الوعاء |
|---|---|---|---|---|---|---|---|---|---|---|---|---|---|---|
| Dewey Decimal Classification | Alef-Baa | Central Library | Central Library | Lower Floor | 25/07/2010 | 220.9 م و ي | 000008090 | 15/07/2025 | Book - Borrowing |